Бюллетень СерпНИТИ (Запись № 1863819)

Подробности
000 -МАРКЕР
контрольное поле 05568nas1a22004211i 4500
001 - ИДЕНТИФИКАТОР ЗАПИСИ
контрольное поле RU\NLR\INFOCOMM55\5000167520
005 - ИДЕНТИФИКАТОР ВЕРСИИ
контрольное поле 20240726041521.0
035 ## - ДРУГИЕ СИСТЕМНЫЕ НОМЕРА
Идентификатор записи (NLR Aleph) 002416415
100 ## - ДАННЫЕ ОБЩЕЙ ОБРАБОТКИ
Данные общей обработки 20050121c1928 |||y0rusy50 ca
101 0# - ЯЗЫК РЕСУРСА
Язык текста, звукозаписи и т.д. русский
102 ## - СТРАНА ПУБЛИКАЦИИ ИЛИ ПРОИЗВОДСТВА
Страна публикации Российская Федерация
110 ## - ПОЛЕ КОДИРОВАННЫХ ДАННЫХ: ПРОДОЛЖАЮЩИЕСЯ РЕСУРСЫ
Кодированные данные продолжающегося ресурса afuzz 0|y|
200 1# - ЗАГЛАВИЕ И СВЕДЕНИЯ ОБ ОТВЕТСТВЕННОСТИ
Основное заглавие Бюллетень СерпНИТИ
Сведения, относящиеся к заглавию Ежемесячный журн. Серпух. филиала Науч.-исслед. ин-та текстильной пром-сти и Гос. Серпух. хлопчато-бумажного треста
210 ## - ПУБЛИКАЦИЯ, РАСПРОСТРАНЕНИЕ И ДР.
Место издания, распространения и т.д. Серпухов
Дата издания, распространения и т.д. 1928-1932
300 ## - ОБЩИЕ ПРИМЕЧАНИЯ
Текст примечания С апр. 1929 г. по авг. 1932 г. выходит нумерованными вып. по отделам
333 ## - ПРИМЕЧАНИЯ ОБ ОСОБЕННОСТЯХ РАСПРОСТРАНЕНИЯ И ИСПОЛЬЗОВАНИЯ
Текст примечания В 1928-1931 г.г. на правах рукописи
430 #0 - ПРОДОЛЖЕН
Встроенное поле 2001#$aБюллетень Центральной лаборатории первого Государственного хлопчато-бумажного треста
Заглавие Бюллетень Центральной лаборатории первого Государственного хлопчато-бумажного треста
430 #0 - ПРОДОЛЖЕН
Встроенное поле 2001#$aБюллетень первого Государственного хлопчато-бумажного треста при Центральной лаборатории
Заглавие Бюллетень первого Государственного хлопчато-бумажного треста при Центральной лаборатории
430 #0 - ПРОДОЛЖЕН
Встроенное поле 2001#$aБюллетень Серпуховского хлопчатобумажного треста при Центральной лаборатории
Заглавие Бюллетень Серпуховского хлопчатобумажного треста при Центральной лаборатории
430 #0 - ПРОДОЛЖЕН
Встроенное поле 2001#$aБюллетень Центральной лаборатории Серпуховского хлопчато-бумажного треста
Заглавие Бюллетень Центральной лаборатории Серпуховского хлопчато-бумажного треста
430 #0 - ПРОДОЛЖЕН
Встроенное поле 2001#$aБюллетень Серпуховского филиала НИТИ
Заглавие Бюллетень Серпуховского филиала НИТИ
710 02 - НАИМЕНОВАНИЕ ОРГАНИЗАЦИИ - ПЕРВИЧНАЯ ОТВЕТСТВЕННОСТЬ
Начальный элемент ввода Центральный научно-исследовательский институт текстильной промышленности
Структурное подразделение Серпуховский филиал
Идентифицирующий признак Москва
Код отношения Автор
801 #1 - ИСТОЧНИК ЗАПИСИ
Страна Российская Федерация
Организация InfoComm
Дата составления 20050121
801 #0 - ИСТОЧНИК ЗАПИСИ
Страна Российская Федерация
Организация NLR
Правила каталогизации PSBO
852 ## - МЕСТОНАХОЖДЕНИЕ И ШИФР ХРАНЕНИЯ
Идентификатор организации NLR
Шифр хранения (Call Number) П11/390
942 ## - ДОПОЛНИТЕЛЬНЫЕ ЭЛЕМЕНТЫ ЗАПИСИ (АБИС)
Тип экземпляра АБИС Журнал
980 ## - КОЛЛЕКЦИЯ
Название коллекции Русская периодика

Нет доступных экземпляров.